000 00622nam a2200217Ia 4500
005 20250923145049.0
008 008 250917s9999 xx 000 0 eng d
037 _aTextual
040 _aDSWL
_beng
_cDSWL
041 _aeng
_2eng
084 _aY112:45u73c.N6ow, K4
_qDSWL
100 _aSellin, T.
_9831423
245 0 _aMeasurement of delinquency
_cby T. Sellin
260 _aNew York
_b John Wiley & Sons
_c1964
300 _a275p.
365 _ausd
_b8.95
700 _aM.E. Wolfgang
_9831424
925 _g8.95
942 _cTEXL
_hY112:45u73c.N6ow, K4
999 _c1446651
_d1446651